000 00630nam a2200241Ia 4500
001 34988
005 20240114001755.0
007 ta
008 070308s g b000 u 807 u
040 _aCotton College,Assam
041 _a807
082 _a923.3
_bM 291 M
100 _aVarma, Iswar Prasad .
245 0 _aMalabiyaji Ke Sapno Ka Bharat /
_cIswar Prasad Varma.
_hTextual Documents
250 _a1st ed. /
260 _aDelhi :
_bKitab Ghar ,
_cNd.
300 _a278p. ;
_c18cm.
653 _aBiography-Malabiya
653 _aG-Biography
942 _2ddc
_cBK
999 _c34970
_d34970